000 00528nam a2200181Ia 4500
005 20250326124207.0
008 250326s9999 xx 000 0 und d
037 _aTextbook
040 _aFMSL
_beng
_cFMSL
041 _aeng
_2eng
084 _aX:51 K7;7
_qFMSL
100 _aBerry B J L
_9736958
245 0 _aGeography of market centres and retail distribution
_cBerry B J L
260 _aNew Jersey
_bNew Jersey, Prentice-Hall
_c1967
300 _a146p
942 _cTB
_hX:51 K7;7
999 _c1272680
_d1272680